| 000 | 00644cam a2200241 4500 | ||
|---|---|---|---|
| 001 | J2792 | ||
| 008 | 090401t1995 xxu||||| |||| 00| 0 eng d | ||
| 035 | _a(Sirsi) u51223 | ||
| 041 | _aeng | ||
| 050 | _a333.33709421 | ||
| 110 |
_aDTZ Debenham Thorpe _92895 |
||
| 245 | _aCORe: central offices research: London. - Winter 1994/5 - Spring 1995 | ||
| 260 |
_aLondon _bDTZ Debenham Thorpe _c1995 |
||
| 300 | _a2 pt. ; 30cm. | ||
| 350 | _a0 | ||
| 520 | _aPublished quarterly. | ||
| 650 | _aFLOORSPACE STATISTICS | ||
| 650 | _aLONDON | ||
| 650 | _aOFFICES | ||
| 690 | _aPROPERTY-COMMERCIAL PROPERTY | ||
| 942 | _n0 | ||
| 948 | _c04/03/1997 | ||
| 999 |
_c92839 _d92839 |
||